[Event "4NCL/Div1/NWE1 vs. SWD1"]
[Site "Wokefield Park ENG"]
[Date "2007.05.06"]
[Round "10.7"]
[White "Redmond, John"]
[Black "Rees, Gwynfor"]
[Result "1/2-1/2"]
[WhiteElo "2226"]
[BlackElo "2167"]
[PlyCount "77"]
[EventDate "2007.05.06"]
[EventType "team"]
[EventRounds "11"]
[EventCountry "ENG"]
[WhiteTeam "N W Eagles 1"]
[BlackTeam "S W Dragons 1"]

1. f4 e5 2. fxe5 Nc6 3. Nc3 Nxe5 4. d4 Ng6 5. e4 Bb4 6. Nf3 Nf6 7. Bg5 h6 8.
Bxf6 Qxf6 9. Bc4 Qc6 10. Nd2 Bxc3 11. bxc3 O-O 12. O-O d6 13. Qh5 Nh8 14. Kh1
Qe8 15. e5 dxe5 16. Rae1 Be6 17. Rxe5 Qd7 18. Bxe6 fxe6 19. Rfe1 Rf6 20. Ne4
Rf5 21. Rxf5 exf5 22. Nc5 Qf7 23. Qe2 b6 24. Ne6 Re8 25. d5 Ng6 26. Qc4 Nf8 27.
h3 Re7 28. a4 f4 29. Qe4 g5 30. c4 Ng6 31. c5 Nh4 32. d6 Nf5 33. Qa8+ Re8 34.
Qd5 Ne3 35. Rxe3 fxe3 36. d7 Rd8 37. Qe4 Rxd7 38. Qa8+ Kh7 39. Qe4+ 1/2-1/2

[Event "4NCL/Div1/NWE1 vs. SWD1"]
[Site "Wokefield Park ENG"]
[Date "2007.05.06"]
[Round "10.8"]
[White "Wilson, Julie"]
[Black "Lyell, Meri"]
[Result "0-1"]
[WhiteElo "1925"]
[BlackElo "2058"]
[PlyCount "82"]
[EventDate "2007.05.06"]
[EventType "team"]
[EventRounds "11"]
[EventCountry "ENG"]
[WhiteTeam "S W Dragons 1"]
[BlackTeam "N W Eagles 1"]

1. d4 d5 2. c4 e5 3. dxe5 d4 4. Nf3 Nc6 5. g3 Be6 6. Nbd2 Qd7 7. Bg2 Nge7 8.
O-O Ng6 9. Qa4 O-O-O 10. a3 Kb8 11. b4 Ncxe5 12. Qxd7 Rxd7 13. c5 d3 14. e3
Nxf3+ 15. Nxf3 Be7 16. Nd4 Bf6 17. Bb2 Bxd4 18. exd4 Bb3 19. Bc3 Re7 20. Rfe1
Re2 21. Be4 Rc2 22. Rec1 Rxc1+ 23. Rxc1 Bc2 24. f3 f5 25. Rxc2 dxc2 26. Bxc2
Ne7 27. d5 Nxd5 28. Bxg7 Rg8 29. Bh6 Ne7 30. Kf2 Rg6 31. Bf8 Nd5 32. h3 Ra6 33.
Bb3 Nc3 34. Bc2 Rxa3 35. Bxf5 Ra2+ 36. Ke1 Re2+ 37. Kf1 Re3 38. Kf2 Re2+ 39.
Kf1 Re5 40. Bc2 Re3 41. Kf2 Re2+ 0-1

[Event "4NCL/Div1/BRI1 vs. AD"]
[Site "Wokefield Park ENG"]
[Date "2007.05.06"]
[Round "10.2"]
[White "Rogers, Ian"]
[Black "Berzinsh, Roland"]
[Result "1-0"]
[WhiteElo "2513"]
[BlackElo "2429"]
[PlyCount "83"]
[EventDate "2007.05.06"]
[EventType "team"]
[EventRounds "11"]
[EventCountry "ENG"]
[WhiteTeam "The ADs"]
[BlackTeam "Bristol 1"]

1. d4 Nf6 2. c4 e6 3. Nc3 Bb4 4. Qc2 c5 5. dxc5 Bxc5 6. Nf3 Qb6 7. e3 Qc7 8. a3
b6 9. b4 Be7 10. Bb2 a6 11. Be2 Bb7 12. O-O d6 13. Rac1 Nbd7 14. Rfd1 Rc8 15.
Qb1 Qb8 16. Qa1 O-O 17. Rd4 Qa8 18. Rcd1 Rfe8 19. Ne1 Ne5 20. Na4 Ned7 21. Rxd6
Bxd6 22. Rxd6 Qb8 23. Rxb6 Nxb6 24. Nxb6 Rcd8 25. Be5 Qa7 26. c5 Rd2 27. Kf1
Bc6 28. Bxf6 gxf6 29. Qxf6 Bb5 30. Bxb5 axb5 31. Nf3 Rc2 32. Nd4 Qxa3 33. Qg5+
Kh8 34. Qe5+ Kg8 35. g4 Qa1+ 36. Kg2 Rc1 37. Nd7 Rg1+ 38. Kh3 Qf1+ 39. Kh4
Qxf2+ 40. Kh5 f6 41. Nxf6+ Kf7 42. Nxe8 1-0

[Event "4NCL/Div1/BRI1 vs. AD"]
[Site "Wokefield Park ENG"]
[Date "2007.05.06"]
[Round "10.5"]
[White "Rudd, Jack"]
[Black "Richardson, John R"]
[Result "0-1"]
[WhiteElo "2385"]
[BlackElo "2298"]
[PlyCount "64"]
[EventDate "2007.05.06"]
[EventType "team"]
[EventRounds "11"]
[EventCountry "ENG"]
[WhiteTeam "Bristol 1"]
[BlackTeam "The ADs"]

1. e4 c6 2. d4 d5 3. exd5 cxd5 4. c4 Nf6 5. Nc3 e6 6. Nf3 Be7 7. a3 O-O 8. c5
Ne4 9. Qc2 f5 10. Bf4 Nc6 11. Bb5 g5 12. Bxc6 bxc6 13. Be3 Bf6 14. h3 Nxc3 15.
Qxc3 Ba6 16. Ne5 f4 17. Bd2 Bxe5 18. dxe5 d4 19. Qf3 Rf5 20. O-O-O Rxe5 21.
Qxc6 Be2 22. Ba5 Qf8 23. b4 Rc8 24. Qd7 Rexc5+ 25. bxc5 Qxc5+ 26. Kb1 Bxd1 27.
Qxe6+ Kg7 28. Qd7+ Kh8 29. Bd2 Rb8+ 30. Bb4 Rxb4+ 31. axb4 Qc2+ 32. Ka1 Qc3+
0-1

[Event "4NCL/Div1/BRI1 vs. AD"]
[Site "Wokefield Park ENG"]
[Date "2007.05.06"]
[Round "10.6"]
[White "Snape, Ian"]
[Black "Buckley, David E"]
[Result "0-1"]
[WhiteElo "2261"]
[BlackElo "2236"]
[PlyCount "90"]
[EventDate "2007.05.06"]
[EventType "team"]
[EventRounds "11"]
[EventCountry "ENG"]
[WhiteTeam "The ADs"]
[BlackTeam "Bristol 1"]

1. c4 e5 2. Nc3 d6 3. g3 Nc6 4. Bg2 f5 5. e3 g6 6. d3 Bg7 7. Nge2 Nf6 8. Rb1
O-O 9. b4 e4 10. dxe4 Ne5 11. Nf4 fxe4 12. Nxe4 Bf5 13. f3 Nxc4 14. Qb3 b5 15.
O-O Kh8 16. Nxf6 Qxf6 17. e4 Bd7 18. Nd5 Qd8 19. Rd1 Be6 20. Qd3 a5 21. Nf4 Bf7
22. bxa5 Rxa5 23. Bd2 Nxd2 24. Qxd2 Rxa2 25. Qc1 Bc4 26. Bf1 Qa8 27. Qe3 Bxf1
28. Rxf1 Qa4 29. Qd3 Qd4+ 30. Qxd4 Bxd4+ 31. Kh1 Rb8 32. Ne6 Bb6 33. Rxb5 Rba8
34. Rc1 Rf2 35. f4 Kg8 36. f5 Raa2 37. Rxb6 cxb6 38. Nf4 Rxh2+ 39. Kg1 Rhc2 40.
Rd1 gxf5 41. exf5 Kf7 42. g4 Rc4 43. Rf1 Raa4 44. Nd5 Rxg4+ 45. Kf2 Rgd4 0-1

[Event "4NCL/Div1/BRI1 vs. AD"]
[Site "Wokefield Park ENG"]
[Date "2007.05.06"]
[Round "10.7"]
[White "Dilleigh, Stephen P"]
[Black "Anderton, David"]
[Result "1/2-1/2"]
[WhiteElo "2120"]
[BlackElo "2247"]
[PlyCount "46"]
[EventDate "2007.05.06"]
[EventType "team"]
[EventRounds "11"]
[EventCountry "ENG"]
[WhiteTeam "Bristol 1"]
[BlackTeam "The ADs"]

1. d4 f5 2. g3 Nf6 3. Bg2 g6 4. c3 d6 5. Qb3 Nc6 6. d5 Ne5 7. Nd2 Bg7 8. Ngf3
Ned7 9. Nd4 Nc5 10. Qc2 e5 11. dxe6 c6 12. O-O Nxe6 13. Nxe6 Bxe6 14. e4 O-O
15. exf5 gxf5 16. Nf3 Qd7 17. Nd4 Rae8 18. Nxe6 Qxe6 19. Bd2 Ne4 20. Rfe1 Qf7
21. Bf4 Be5 22. Bxe4 Bxf4 23. Bg2 Bg5 1/2-1/2

[Event "4NCL/Div1/GUI1 vs. HKF1"]
[Site "Wokefield Park ENG"]
[Date "2007.05.07"]
[Round "11.1"]
[White "Rowson, Jonathan"]
[Black "Williams, Simon K"]
[Result "1-0"]
[WhiteElo "2594"]
[BlackElo "2487"]
[PlyCount "53"]
[EventDate "2007.05.07"]
[EventType "team"]
[EventRounds "11"]
[EventCountry "ENG"]
[WhiteTeam "Guildford-ADC 1"]
[BlackTeam "H Kingfisher 1"]

1. d4 e6 2. Nf3 d5 3. c4 c6 4. Qc2 f5 5. Bf4 Nf6 6. e3 Be7 7. Bd3 O-O 8. cxd5
Nxd5 9. O-O c5 10. Bxb8 Rxb8 11. Qe2 Nb4 12. Bc4 a6 13. a3 Nc6 14. Rd1 b5 15.
dxc5 Qe8 16. Ba2 Bxc5 17. Nbd2 Bb6 18. Rac1 Kh8 19. Nb3 Nd8 20. Ne5 Nf7 21.
Nxf7+ Rxf7 22. Nd4 Rc7 23. Rxc7 Bxc7 24. Qc2 Qh5 25. Nf3 Qf7 26. Ne5 Qh5 27. g4
1-0

[Event "4NCL/Div1/GUI1 vs. HKF1"]
[Site "Wokefield Park ENG"]
[Date "2007.05.07"]
[Round "11.2"]
[White "Wells, Peter K"]
[Black "Gallagher, Joseph G"]
[Result "1/2-1/2"]
[WhiteElo "2499"]
[BlackElo "2509"]
[PlyCount "46"]
[EventDate "2007.05.07"]
[EventType "team"]
[EventRounds "11"]
[EventCountry "ENG"]
[WhiteTeam "H Kingfisher 1"]
[BlackTeam "Guildford-ADC 1"]

1. d4 Nf6 2. c4 g6 3. Nc3 Bg7 4. e4 d6 5. Nf3 O-O 6. Be2 e5 7. O-O Na6 8. Be3
c6 9. d5 Ng4 10. Bg5 f6 11. Bh4 c5 12. Ne1 Nh6 13. a3 Nf7 14. Nd3 Qd7 15. b4 b6
16. Rb1 f5 17. f3 Bh6 18. exf5 gxf5 19. f4 e4 20. Ne1 Nh8 21. Nc2 Ng6 22. Bg3
Nc7 23. Rb3 Ne8 1/2-1/2

[Event "4NCL/Div1/GUI1 vs. HKF1"]
[Site "Wokefield Park ENG"]
[Date "2007.05.07"]
[Round "11.3"]
[White "Pert, Nicholas"]
[Black "Gormally, Daniel W"]
[Result "1/2-1/2"]
[WhiteElo "2525"]
[BlackElo "2518"]
[PlyCount "138"]
[EventDate "2007.05.07"]
[EventType "team"]
[EventRounds "11"]
[EventCountry "ENG"]
[WhiteTeam "Guildford-ADC 1"]
[BlackTeam "H Kingfisher 1"]

1. d4 d5 2. c4 e6 3. Nf3 Nf6 4. Nc3 c5 5. cxd5 exd5 6. g3 Nc6 7. Bg2 Be7 8. O-O
c4 9. Ne5 O-O 10. Bg5 Be6 11. b3 cxb3 12. axb3 h6 13. Bf4 Qb6 14. Nxc6 bxc6 15.
Qd3 Rfc8 16. Rfb1 Qd8 17. b4 a5 18. bxa5 Rxa5 19. Rxa5 Qxa5 20. h3 Ra8 21. Rc1
Qa6 22. Qxa6 Rxa6 23. e4 dxe4 24. Nxe4 Nxe4 25. Bxe4 Bf6 26. Be3 Bd7 27. Kg2
Ra4 28. Rb1 Kf8 29. Rb7 Ke8 30. Bc2 Ra6 31. Bb3 Be6 32. Bxe6 fxe6 33. Kf3 Ra4
34. Rc7 Kf8 35. Rxc6 Bxd4 36. Bxd4 Rxd4 37. Rxe6 Kf7 38. Re5 g6 39. g4 Kf6 40.
Ra5 Rd3+ 41. Kg2 g5 42. Ra6+ Kg7 43. Re6 Ra3 44. Re3 Ra4 45. Re6 Ra3 46. f3 Ra1
47. Rb6 Rc1 48. Rb5 Kg6 49. Rb6+ Kg7 50. Rb2 Kg6 51. Kg3 Rg1+ 52. Rg2 Ra1 53.
Rc2 Rg1+ 54. Kf2 Rh1 55. Kg2 Rb1 56. Ra2 Rc1 57. Ra3 Rc6 58. Ra5 Rc1 59. Ra6+
Kg7 60. Rd6 Rb1 61. Kg3 Rg1+ 62. Kf2 Rh1 63. Kg2 Rb1 64. Ra6 Rc1 65. Ra5 Kg6
66. h4 gxh4 67. Rh5 Rc2+ 68. Kh3 Rf2 69. Rf5 h5 1/2-1/2

[Event "4NCL/Div1/GUI1 vs. HKF1"]
[Site "Wokefield Park ENG"]
[Date "2007.05.07"]
[Round "11.5"]
[White "Hebden, Mark L"]
[Black "Houska, Jovanka"]
[Result "1-0"]
[WhiteElo "2519"]
[BlackElo "2404"]
[PlyCount "101"]
[EventDate "2007.05.07"]
[EventType "team"]
[EventRounds "11"]
[EventCountry "ENG"]
[WhiteTeam "Guildford-ADC 1"]
[BlackTeam "H Kingfisher 1"]

1. d4 d5 2. c4 c6 3. Nf3 Nf6 4. e3 e6 5. Nbd2 c5 6. cxd5 exd5 7. Bb5+ Nc6 8.
O-O Bd7 9. dxc5 Bxc5 10. Nb3 Bb6 11. Bd2 O-O 12. Rc1 Rc8 13. Bc3 Bg4 14. h3 Bh5
15. Be2 Ne4 16. Nfd4 Bg6 17. Bg4 Rc7 18. Nb5 Re7 19. Bd4 f5 20. Bh5 Bxh5 21.
Qxh5 Nxd4 22. exd4 a6 23. Nc3 Qd6 24. Nxe4 dxe4 25. Rc3 Bc7 26. g3 f4 27. Qc5
Qf6 28. Nd2 Bb6 29. Qd5+ Kh8 30. gxf4 Qxf4 31. Nc4 Bc7 32. Rg3 e3 33. Rg2 e2
34. Re1 b5 35. Qc5 Qc1 36. Qb4 Rfe8 37. Ne5 Qf4 38. Rg4 Qf6 39. f4 Bd6 40. Qd2
Bxe5 41. fxe5 Qf3 42. Qc3 Qf5 43. Qe3 Rc7 44. Rxe2 Qb1+ 45. Kh2 Qxa2 46. b3 Qa1
47. Rg1 Qa5 48. d5 Rc3 49. Qd4 Rd8 50. Rxg7 b4 51. Reg2 1-0

[Event "4NCL/Div1/GUI1 vs. HKF1"]
[Site "Wokefield Park ENG"]
[Date "2007.05.07"]
[Round "11.6"]
[White "Greet, Andrew N"]
[Black "Conquest, Stuart C"]
[Result "1/2-1/2"]
[WhiteElo "2434"]
[BlackElo "2546"]
[PlyCount "94"]
[EventDate "2007.05.07"]
[EventType "team"]
[EventRounds "11"]
[EventCountry "ENG"]
[WhiteTeam "H Kingfisher 1"]
[BlackTeam "Guildford-ADC 1"]

1. e4 c5 2. c3 d5 3. exd5 Qxd5 4. d4 g6 5. Nf3 Bg7 6. Na3 Nf6 7. Bc4 Qd8 8.
dxc5 Qxd1+ 9. Kxd1 O-O 10. h3 Nbd7 11. Be3 Ne4 12. c6 bxc6 13. Kc2 Nd6 14. Be2
Nb6 15. Rad1 Nd5 16. Bc1 e5 17. Kb1 Ne4 18. Be3 Nxe3 19. fxe3 Nf2 20. Rhe1 Bf5+
21. Kc1 Nxd1 22. Bxd1 Be6 23. Bb3 Bxb3 24. axb3 e4 25. Nd4 Bxd4 26. exd4 Rfe8
27. Nc4 Rad8 28. b4 Kg7 29. Kd2 Rd5 30. Ke3 Rg5 31. g4 h5 32. Kf4 Rd5 33. Ra1
hxg4 34. hxg4 g5+ 35. Ke3 Rd7 36. Ra5 f6 37. Ra6 Rc7 38. Nd6 Re6 39. Nf5+ Kf7
40. Ra1 Kg6 41. Ra6 Re8 42. c4 Rh7 43. Rxc6 Rh3+ 44. Ke2 Rh2+ 45. Ke3 Rh3+ 46.
Ke2 Rh2+ 47. Ke3 Rh3+ 1/2-1/2

[Event "4NCL/Div1/AD vs. WGR"]
[Site "Wokefield Park ENG"]
[Date "2007.05.07"]
[Round "11.2"]
[White "Baburin, Alexander"]
[Black "Rogers, Ian"]
[Result "1/2-1/2"]
[WhiteElo "2545"]
[BlackElo "2513"]
[PlyCount "129"]
[EventDate "2007.05.07"]
[EventType "team"]
[EventRounds "11"]
[EventCountry "ENG"]
[WhiteTeam "Wood Green"]
[BlackTeam "The ADs"]

1. d4 Nf6 2. c4 e6 3. Nc3 Bb4 4. Qc2 c5 5. dxc5 Bxc5 6. Nf3 Qb6 7. e3 Qc7 8. b3
b6 9. Bb2 a6 10. Be2 Bb7 11. h3 Be7 12. O-O-O b5 13. cxb5 axb5 14. Nxb5 Qxc2+
15. Kxc2 Be4+ 16. Bd3 Rxa2 17. Nc3 Bxd3+ 18. Rxd3 Ra6 19. Ra1 O-O 20. Rd4 Rxa1
21. Bxa1 Nc6 22. Ra4 Rc8 23. Ne1 Nb4+ 24. Kd2 d5 25. Bb2 h5 26. Ba3 Rb8 27. Nc2
Nc6 28. Bxe7 Nxe7 29. b4 e5 30. b5 Nf5 31. Rb4 Nd6 32. f3 Nc4+ 33. Kd3 Nb6 34.
Rb1 Rc8 35. Nb4 e4+ 36. fxe4 dxe4+ 37. Kd2 Rc5 38. Nc2 Nc4+ 39. Ke2 Nd6 40. Kd2
Nc4+ 41. Ke2 Na3 42. Nxa3 Rxc3 43. b6 Rxa3 44. b7 Nd7 45. b8=Q+ Nxb8 46. Rxb8+
Kh7 47. Rb4 Ra2+ 48. Kf1 f5 49. h4 Ra6 50. Rb5 Kg6 51. Kf2 Ra2+ 52. Kg3 Re2 53.
Rb6+ Kh7 54. Rb3 Kh6 55. Rb6+ g6 56. Rb3 Kg7 57. Rb7+ Kf6 58. Rb6+ Ke5 59. Rb5+
Ke6 60. Rb6+ Kd5 61. Rxg6 Ke5 62. Rg5 Rxe3+ 63. Kf2 Ra3 64. Rxh5 Ra2+ 65. Kf1
1/2-1/2

[Event "4NCL/Div1/AD vs. WGR"]
[Site "Wokefield Park ENG"]
[Date "2007.05.07"]
[Round "11.3"]
[White "Cernousek, Lukas"]
[Black "Turner, Matthew J"]
[Result "1/2-1/2"]
[WhiteElo "2411"]
[BlackElo "2489"]
[PlyCount "138"]
[EventDate "2007.05.07"]
[EventType "team"]
[EventRounds "11"]
[EventCountry "ENG"]
[WhiteTeam "The ADs"]
[BlackTeam "Wood Green"]

1. e4 c5 2. Nf3 g6 3. d4 Bg7 4. Nc3 cxd4 5. Nxd4 Nc6 6. Be3 Nf6 7. Bc4 O-O 8.
Bb3 Qa5 9. f3 d6 10. Qd2 Bd7 11. O-O-O Rfc8 12. h4 Ne5 13. Kb1 Rxc3 14. Qxc3
Qxc3 15. bxc3 Be8 16. Ne2 a5 17. a3 Rc8 18. Bd4 Nfd7 19. Nf4 Kf8 20. Nd5 e6 21.
Ne3 Nc5 22. Rhe1 b5 23. f4 Ned7 24. Bxg7+ Kxg7 25. Ng4 h5 26. Nf2 Rc6 27. Nd3
Kf8 28. Nxc5 Nxc5 29. Re3 Ke7 30. g3 f5 31. Bd5 Rc8 32. exf5 gxf5 33. Rde1 Bf7
34. Bb3 Kf6 35. c4 Rb8 36. cxb5 Rxb5 37. Ka1 d5 38. Ba2 Ne4 39. c4 dxc4 40.
Bxc4 Rc5 41. Bd3 Nf2 42. Be2 Ne4 43. Kb2 Rc8 44. Rb3 a4 45. Rb4 Nxg3 46. Bf3
Rd8 47. Kc3 Rc8+ 48. Kd3 Be8 49. Rb6 Bd7 50. Bd5 Re8 51. Rg1 Rg8 52. Bf3 Ke7
53. Ke3 e5 54. fxe5 f4+ 55. Kf2 Rc8 56. Rb2 Rc3 57. Rd1 Bg4 58. Rb7+ Ke6 59.
Rb6+ Kf5 60. Bxg4+ hxg4 61. Rb2 Ne4+ 62. Kg1 f3 63. h5 g3 64. h6 Rc6 65. Rf1
Ng5 66. e6 Kg4 67. h7 Rc8 68. e7 Re8 69. Rb4+ Kh3 1/2-1/2

[Event "4NCL/Div1/AD vs. WGR"]
[Site "Wokefield Park ENG"]
[Date "2007.05.07"]
[Round "11.4"]
[White "Martin, Andrew D"]
[Black "Jirka, Jiri"]
[Result "1/2-1/2"]
[WhiteElo "2428"]
[BlackElo "2367"]
[PlyCount "103"]
[EventDate "2007.05.07"]
[EventType "team"]
[EventRounds "11"]
[EventCountry "ENG"]
[WhiteTeam "Wood Green"]
[BlackTeam "The ADs"]

1. d4 d5 2. Bg5 h6 3. Bh4 c6 4. e3 Qb6 5. Qc1 e5 6. Nf3 e4 7. Nfd2 Ne7 8. c4
Nf5 9. Bg3 Nxg3 10. hxg3 Be6 11. Nc3 Nd7 12. c5 Qc7 13. b4 g5 14. Nb3 h5 15.
Be2 h4 16. b5 Be7 17. Rb1 Rg8 18. gxh4 gxh4 19. Bf1 Bg4 20. Qa3 Bd8 21. Kd2 f5
22. Qa4 f4 23. Kc2 fxe3 24. bxc6 bxc6 25. fxe3 Rf8 26. Kb2 Rf2+ 27. Ka1 a5 28.
Bc4 dxc4 29. Nxe4 Be6 30. Nxf2 cxb3 31. Ne4 Be7 32. Rxb3 Bd5 33. Nc3 Bxb3 34.
Qxb3 Nf6 35. Rf1 Rd8 36. Qe6 Qd7 37. Rxf6 Qxe6 38. Rxe6 Kd7 39. Rg6 Rf8 40. Ne4
Rf1+ 41. Kb2 Re1 42. Nd6 Re2+ 43. Kb3 Rxe3+ 44. Kc4 Bxd6 45. Rxd6+ Kc7 46. Rh6
Re2 47. Rxh4 Rxg2 48. Rh7+ Kb8 49. a4 Rg3 50. Rh8+ Kb7 51. Rh7+ Kb8 52. Rh8+
1/2-1/2

[Event "4NCL/Div1/AD vs. WGR"]
[Site "Wokefield Park ENG"]
[Date "2007.05.07"]
[Round "11.5"]
[White "Richardson, John R"]
[Black "Law, Andrew P"]
[Result "1/2-1/2"]
[WhiteElo "2298"]
[BlackElo "2301"]
[PlyCount "52"]
[EventDate "2007.05.07"]
[EventType "team"]
[EventRounds "11"]
[EventCountry "ENG"]
[WhiteTeam "The ADs"]
[BlackTeam "Wood Green"]

1. d4 Nf6 2. c4 e6 3. Nc3 Bb4 4. e3 O-O 5. Bd3 d5 6. Nf3 c5 7. O-O Nc6 8. a3
Bxc3 9. bxc3 dxc4 10. Bxc4 Qc7 11. Bd3 e5 12. e4 cxd4 13. cxd4 exd4 14. Bg5 Qd6
15. h3 Bd7 16. Qd2 Rac8 17. Bf4 Qc5 18. e5 Nd5 19. Bg3 h6 20. Nh4 Rfe8 21. Rfe1
Nc3 22. Qf4 Ne7 23. a4 Ncd5 24. Qe4 g6 25. Bf4 Nf5 26. Bd2 Nc3 1/2-1/2

[Event "4NCL/Div1/AD vs. WGR"]
[Site "Wokefield Park ENG"]
[Date "2007.05.07"]
[Round "11.6"]
[White "Sowray, Peter J"]
[Black "Snape, Ian"]
[Result "1/2-1/2"]
[WhiteElo "2317"]
[BlackElo "2261"]
[PlyCount "83"]
[EventDate "2007.05.07"]
[EventType "team"]
[EventRounds "11"]
[EventCountry "ENG"]
[WhiteTeam "Wood Green"]
[BlackTeam "The ADs"]

1. e4 c5 2. Nf3 d6 3. d4 cxd4 4. Nxd4 Nf6 5. Nc3 g6 6. Be3 Bg7 7. f3 O-O 8. Bc4
Nc6 9. Qd2 Bd7 10. Bb3 Nxd4 11. Bxd4 b5 12. h4 a5 13. h5 e5 14. Be3 a4 15. Bd5
b4 16. Ne2 Nxd5 17. Qxd5 Be6 18. Qd2 Rc8 19. hxg6 fxg6 20. O-O d5 21. exd5 Qxd5
22. Qxb4 Rxc2 23. Nc3 Qd3 24. Qb6 Bc4 25. Rfd1 Qf5 26. Rd2 Rxd2 27. Bxd2 Qc2
28. Ne4 Bxa2 29. Bc3 Bd5 30. Ng5 Qb3 31. Qa7 Ra8 32. Qc7 Qb7 33. Ne6 Qa7+ 34.
Qxa7 Rxa7 35. Nxg7 Kxg7 36. Re1 Bb3 37. Rxe5 Kf7 38. g4 Rd7 39. Kf2 Rd5 40. Re4
Rd6 41. Rb4 h5 42. Rb7+ 1/2-1/2

[Event "4NCL/Div1/AD vs. WGR"]
[Site "Wokefield Park ENG"]
[Date "2007.05.07"]
[Round "11.7"]
[White "Anderton, David"]
[Black "Yastrebov, Alexander"]
[Result "1-0"]
[WhiteElo "2247"]
[BlackElo "2238"]
[PlyCount "77"]
[EventDate "2007.05.07"]
[EventType "team"]
[EventRounds "11"]
[EventCountry "ENG"]
[WhiteTeam "The ADs"]
[BlackTeam "Wood Green"]

1. d4 d5 2. c4 dxc4 3. Nf3 Nf6 4. e3 Bg4 5. Bxc4 e6 6. Qb3 Bxf3 7. gxf3 Nbd7 8.
Qxb7 c5 9. Nc3 Be7 10. d5 Rb8 11. Qa6 Rb6 12. Qxa7 O-O 13. dxe6 fxe6 14. f4 Kh8
15. Be2 e5 16. Qa4 exf4 17. exf4 Qb8 18. Rg1 Rxb2 19. Rg3 Rb4 20. Qc6 Bd6 21.
Qg2 Rf7 22. a3 Rb3 23. Bc4 Re7+ 24. Kf1 Qe8 25. Qf3 Re1+ 26. Kg2 Rb8 27. Nb5
Ne4 28. Bb2 Nxg3 29. Nxd6 Rxa1 30. Bxg7+ Kxg7 31. Nxe8+ Rxe8 32. Qc3+ Nf6 33.
Qxa1 Nf5 34. Bd3 Nd4 35. Qc3 Nd5 36. Qxc5 Nxf4+ 37. Kg3 Nde6 38. Qa7+ Kf6 39.
Qxh7 1-0

[Event "4NCL/Div1/AD vs. WGR"]
[Site "Wokefield Park ENG"]
[Date "2007.05.07"]
[Round "11.8"]
[White "Hegarty, Sarah"]
[Black "Bellin, Jana"]
[Result "1/2-1/2"]
[WhiteElo "1957"]
[BlackElo "2142"]
[PlyCount "91"]
[EventDate "2007.05.07"]
[EventType "team"]
[EventRounds "11"]
[EventCountry "ENG"]
[WhiteTeam "Wood Green"]
[BlackTeam "The ADs"]

1. d4 Nf6 2. Bg5 e6 3. Nd2 d5 4. e4 h6 5. Bxf6 Qxf6 6. e5 Qd8 7. Nb3 b6 8. c4
dxc4 9. Bxc4 Bb7 10. Qg4 Bb4+ 11. Kf1 O-O 12. Ne2 Qg5 13. Qxg5 hxg5 14. h4 gxh4
15. Rxh4 Be7 16. Rh3 Na6 17. Nf4 Nb4 18. Ke2 Bg5 19. Rah1 Bh6 20. a3 Nd5 21.
Nh5 Rfd8 22. Rg3 Nf4+ 23. Nxf4 Bxf4 24. Rg4 g5 25. Rh5 Be4 26. Bd3 Bf5 27.
Rgxg5+ Bxg5 28. Rxg5+ Kf8 29. Bxf5 exf5 30. Rxf5 Rd5 31. Ke3 Rb5 32. Nd2 Ke7
33. b4 a5 34. Ne4 axb4 35. axb4 Rxb4 36. Ng5 Rf8 37. Nh7 Rh8 38. Ng5 Rf8 39.
Nh7 Rg8 40. Nf6 Rb3+ 41. Ke4 Rg7 42. Nd5+ Kd7 43. Nf6+ Ke7 44. Nd5+ Kd7 45.
Nf6+ Ke7 46. Nd5+ 1/2-1/2

[Event "4NCL/Div1/GUI2 vs. NWE1"]
[Site "Wokefield Park ENG"]
[Date "2007.05.07"]
[Round "11.1"]
[White "Prie, Eric"]
[Black "Macak, Stefan"]
[Result "1-0"]
[WhiteElo "2513"]
[BlackElo "2371"]
[PlyCount "62"]
[EventDate "2007.05.07"]
[EventType "team"]
[EventRounds "11"]
[EventCountry "ENG"]
[WhiteTeam "Guildford-ADC 2"]
[BlackTeam "N W Eagles 1"]

1. d4 Nf6 2. Nf3 e6 3. Bf4 b6 4. e3 Bb7 5. h3 c5 6. c3 d5 7. Nbd2 Bd6 8. Ne5
O-O 9. Bd3 Ba6 10. Bc2 Qe7 11. h4 Nfd7 12. Ndf3 Bxe5 13. dxe5 f5 14. g4 Bb7 15.
gxf5 exf5 16. Rg1 Kh8 17. Ng5 Nc6 18. e6 Nde5 19. Nxh7 Kxh7 20. Qh5+ Kg8 21.
Bh6 g6 22. f4 Qxh4+ 23. Qxh4 Nf3+ 24. Kf2 Nxh4 25. Bxf8 Kxf8 26. Rh1 g5 27.
Rag1 d4 28. Rxg5 dxe3+ 29. Kxe3 Nd4 30. Rxh4 Nxc2+ 31. Kd2 Na1 1-0

[Event "4NCL/Div1/GUI2 vs. NWE1"]
[Site "Wokefield Park ENG"]
[Date "2007.05.07"]
[Round "11.2"]
[White "Morrison, Graham"]
[Black "Howell, David W L"]
[Result "0-1"]
[WhiteElo "2328"]
[BlackElo "2511"]
[PlyCount "74"]
[EventDate "2007.05.07"]
[EventType "team"]
[EventRounds "11"]
[EventCountry "ENG"]
[WhiteTeam "N W Eagles 1"]
[BlackTeam "Guildford-ADC 2"]

1. d4 g6 2. e4 Bg7 3. Nf3 d6 4. Be2 Nd7 5. O-O e6 6. Re1 Ne7 7. Bf1 h6 8. a4 g5
9. d5 Ng6 10. Nd4 Nde5 11. Bb5+ Kf8 12. Nc3 h5 13. a5 a6 14. Ba4 Qf6 15. Rf1 h4
16. Be3 Nf4 17. dxe6 fxe6 18. g3 Nh3+ 19. Kg2 Qh6 20. f4 Nf7 21. fxg5 Nhxg5 22.
Nf3 hxg3 23. h4 Nxf3 24. Bxh6 Nxh4+ 25. Kxg3 Rxh6 26. Rh1 Be5+ 27. Kg4 Bf6 28.
Qd2 Rg6+ 29. Kh5 Rg5+ 30. Qxg5 Bxg5 31. Raf1 Ke7 32. Rxf7+ Kxf7 33. Kxg5 Nf3+
34. Kf4 Nd4 35. Rh7+ Kg6 36. Rxc7 e5+ 37. Ke3 Be6 0-1

[Event "4NCL/Div1/GUI2 vs. NWE1"]
[Site "Wokefield Park ENG"]
[Date "2007.05.07"]
[Round "11.3"]
[White "Cherniaev, Alexander"]
[Black "Kennaugh, Charles W"]
[Result "1/2-1/2"]
[WhiteElo "2487"]
[BlackElo "2288"]
[PlyCount "89"]
[EventDate "2007.05.07"]
[EventType "team"]
[EventRounds "11"]
[EventCountry "ENG"]
[WhiteTeam "Guildford-ADC 2"]
[BlackTeam "N W Eagles 1"]

1. e4 e5 2. Nf3 Nc6 3. Bb5 f5 4. Nc3 Nf6 5. Qe2 Bc5 6. Bxc6 dxc6 7. exf5 Qe7 8.
Nh4 e4 9. h3 Bd7 10. g4 O-O-O 11. g5 e3 12. fxe3 Ne4 13. Qg4 Nxg5 14. e4 Nf7
15. d3 g6 16. Rf1 Rdg8 17. f6 Bxg4 18. fxe7 Be6 19. Rh1 Bxe7 20. Nf3 c5 21. Be3
Rd8 22. Ke2 Rhf8 23. Rag1 Rg8 24. h4 h5 25. Nd1 b6 26. Nf2 Bf6 27. b3 Ne5 28.
Nxe5 Bxe5 29. Rg2 Bf6 30. Bg5 Rdf8 31. Bxf6 Rxf6 32. Rg5 Rgf8 33. Rh2 Kd7 34.
Rhg2 Rf4 35. Rxg6 Rxh4 36. Rh6 Rf7 37. Ke1 a6 38. a4 a5 39. Rhg6 Rhf4 40. Ke2
Rh7 41. Rg7+ Rf7 42. Rxf7+ Rxf7 43. Rh2 Rh7 44. Ke3 Kd6 45. Kf4 1/2-1/2

[Event "4NCL/Div1/GUI2 vs. NWE1"]
[Site "Wokefield Park ENG"]
[Date "2007.05.07"]
[Round "11.4"]
[White "Hague, Ben"]
[Black "Plaskett, James"]
[Result "1/2-1/2"]
[WhiteElo "2303"]
[BlackElo "2499"]
[PlyCount "20"]
[EventDate "2007.05.07"]
[EventType "team"]
[EventRounds "11"]
[EventCountry "ENG"]
[WhiteTeam "N W Eagles 1"]
[BlackTeam "Guildford-ADC 2"]

1. e4 c5 2. d4 cxd4 3. c3 d3 4. Bxd3 Nc6 5. c4 Nf6 6. Nc3 e6 7. Nf3 Qc7 8. O-O
a6 9. Re1 d6 10. Bf4 Ne5 1/2-1/2